000 00483nam a2200181Ia 4500
001 30758
003 IN-NITTTR
005 20251114233414.0
008 251113s9999||||xx |||||||||||||| ||eng||
040 _beng
040 _cIN-NITTTR
041 _aeng
082 _a621.31913 S55I
100 _aSen, Kalyan K.
245 0 _aIntroduction to FACTS controllers :
_b theory, modeling and applications /
_cSen, Kalyan K., Sen, Mey Ling
700 _a Sen, Mey Ling
942 _2ddc
_cBK
999 _c33388
_d33388